Nihon jōdai jiin keizaishi no kenkyū /
Saved in:
| 主要作者: | |
|---|---|
| 格式: | 图书 |
| 语言: | Japanese |
| 出版: |
Tōkyō :
Ōokayama Shoten,
Shōwa 9 [1934]
|
| 主题: | |
| 标签: |
添加标签
没有标签, 成为第一个标记此记录!
|
| LEADER | 01097nam a2200301 a 4500 | ||
|---|---|---|---|
| 001 | 007763169-2 | ||
| 005 | 20024617120653.0 | ||
| 008 | 930520s1934 ja h b 001 0 jpn | ||
| 010 | |a 93155207 /AJ | ||
| 035 | 0 | |a ocm23725553 | |
| 040 | |a DLC |c DLC |d *YNH* |d CStRLIN | ||
| 043 | |a a-ja--- | ||
| 050 | 0 | 0 | |a HD914 |b .T275 1934 |
| 100 | 1 | |6 880-01 |a Takeuchi, Rizō, |d 1907- | |
| 245 | 1 | 0 | |6 880-02 |a Nihon jōdai jiin keizaishi no kenkyū / |c Takeuchi Rizō cho. |
| 260 | |6 880-03 |a Tōkyō : |b Ōokayama Shoten, |c Shōwa 9 [1934] | ||
| 300 | |a 3, 4, 1, 534, 44 p. : |b facsims. ; |c 23 cm. | ||
| 504 | |a Includes bibliographical references and indexes. | ||
| 650 | 0 | |a Manors |z Japan |x History. | |
| 650 | 0 | |a Temple lands |z Japan |x History. | |
| 651 | 0 | |a Japan |x Economic conditions |y To 1868. | |
| 740 | 0 | |6 880-04 |a Jiin keizaishi no kenkyū. | |
| 880 | 1 | |6 100-01 |a 竹内理三, |d 1907- | |
| 880 | 1 | 0 | |6 245-02 |a 日本上代・寺院經濟史の研究 / |c 竹内理三著. |
| 880 | |6 260-03 |a 東京 : |b 大岡山書店, |c 昭和 9 [1934] | ||
| 880 | 0 | |6 740-04 |a 寺院經濟史の研究. | |
| 988 | |a 20021214 | ||
| 906 | |0 DLC | ||


